Central Library OPAC University of Rajshahi

পশ্চিম পাকিস্তানের শেষ রাজা / (Record no. 57836)

MARC details
000 -LEADER
fixed length control field 00973nam a2200241 a 4500
001 - CONTROL NUMBER
control field 57836
003 - CONTROL NUMBER IDENTIFIER
rucl marc code BD-RjUL
005 - DATE AND TIME OF LATEST TRANSACTION
control field 20211209080546.0
008 - FIXED-LENGTH DATA ELEMENTS--GENERAL INFORMATION
fixed length control field 161212s2016 bg ||||| |||| 00| 0 ben d
020 ## - INTERNATIONAL STANDARD BOOK NUMBER
International Standard Book Number 9789848825259
Terms of availability : Tk. 250.00
035 ## - SYSTEM CONTROL NUMBER
System control number (BD-RjUL)
040 ## - CATALOGING SOURCE
Original cataloging agency BD-RjUL
Language of cataloging eng
Transcribing agency BD-RjUL
041 ## - LANGUAGE CODE
Language code of text/sound track or separate title eng
082 ## - DEWEY DECIMAL CLASSIFICATION NUMBER
Edition number 23
Classification number 954.91
Author mark and year DEP 2016
100 1# - MAIN ENTRY--PERSONAL NAME
Personal name দেবসরকার, প্রিয়জিৎ
9 (RLIN) 171779
245 10 - TITLE STATEMENT
Title পশ্চিম পাকিস্তানের শেষ রাজা /
Statement of responsibility, etc. প্রিয়জিৎ দেবসরকার, অনুবাদ : রইসুল হক বাহার
260 ## - PUBLICATION, DISTRIBUTION, ETC. (IMPRINT)
Place of publication, distribution, etc. ঢাকা :
Name of publisher, distributor, etc. বাতিঘর,
Date of publication, distribution, etc. ২০১৬
300 ## - PHYSICAL DESCRIPTION
Pagination ১৩৫ পৃ :
Illustrations চিত্র ;
Size ২০ সেমি.
651 ## - SUBJECT ADDED ENTRY--GEOGRAPHIC NAME
Geographic name পাকিস্তান
General subdivision ইতিহাস
9 (RLIN) 171780
Geographic name Pakisthan
General subdivision History
9 (RLIN) 171781
700 ## - ADDED ENTRY--PERSONAL NAME
Personal name বাহার, রইসুল হক
942 ## - ADDED ENTRY ELEMENTS (KOHA)
Source of classification or shelving scheme Dewey Decimal Classification
Koha item type Books
Holdings
Lost status Source of classification or shelving scheme Damaged status Not for loan Collection code Permanent Location Current Location Shelving location Date acquired Source of acquisition Cost, normal purchase price Total Checkouts Full call number Date last seen Copy number Koha item type
  Dewey Decimal Classification   Not For Loan Non-fiction Central Library, University of Rajshahi Central Library, University of Rajshahi Reading Room 14/11/2016 Rajshahi, University 250.00   B 954.91 DEP 2016 12/12/2016 C-1 Books
  Dewey Decimal Classification     Non-fiction Central Library, University of Rajshahi Central Library, University of Rajshahi   14/11/2016 Rajshahi, University 250.00   B 954.91 DEP 2016 12/12/2016 C-2 Books
  Dewey Decimal Classification     Non-fiction Central Library, University of Rajshahi Central Library, University of Rajshahi   14/11/2016 Rajshahi, University 250.00   B 954.91 DEP 2016 12/12/2016 C-3 Books